Psychiatric Studies : (Record no. 606078)

MARC details
000 -LEADER
fixed length control field 00488nam a2200193 a 4500
008 - FIXED-LENGTH DATA ELEMENTS--GENERAL INFORMATION
fixed length control field 251230s1957##################000#0#eng##
020 ## - INTERNATIONAL STANDARD BOOK NUMBER
ISBN 9780415098960
082 04 - DEWEY DECIMAL CLASSIFICATION NUMBER
Classification number 616.89
Item number JUN
100 1# - MAIN ENTRY--AUTHOR NAME
Personal name Jung, C. G.,
245 10 - TITLE STATEMENT
Title Psychiatric Studies :
260 ## - PUBLICATION, DISTRIBUTION, ETC. (IMPRINT)
Name of publisher Psychology Press,
Year of publication 1957.
300 ## - PHYSICAL DESCRIPTION
Number of Pages 288 pages
650 #0 - SUBJECT ADDED ENTRY--TOPICAL TERM
Topical Term Psychology.
942 ## - ADDED ENTRY ELEMENTS (KOHA)
Koha item type English Books
Holdings
Withdrawn status Lost status Damaged status Not for loan Home library Current library Shelving location Date acquired Full call number Accession Number Price effective from Koha item type
        Anna Centenary Library Anna Centenary Library 5TH FLOOR, B WING 30.12.2025 616.89 JUN 170161 30.12.2025 English Books

Find us on the map